00573nam a22001937a 4500003000400000008004100004082001700045100001600062245012500078260006800203300001000271502001700281650001700298650001300315650001200328650001700340650001100357650001100368OSt260430b |||||||| |||| 00| 0 eng d a634.44bR95E aRani, Rubi. aEffect of Some Chemicals on Quality Characters and Shelf Life of Mango (Mangifera indica L.) CV. Amrapali.cby Rubi Rani a.- Sabour, Bhagalpurb: Bihar Agricultural College, RAUc, 2000 a108p. bPh. D.d2000 aHorticulture aPomology aMangoes aCV. Amrapali aThesis aPh. D.